[Event "Gaia Profigaia op 7th"]
[Site "Vila Nova de Gaia"]
[Date "2014.06.30"]
[Round "5"]
[White "Silva, Mariana Sofia Teixe"]
[Black "Nora, Fernando Manuel Lob"]
[Result "1/2-1/2"]
[WhiteElo "1622"]
[BlackElo "1906"]
[PlyCount "68"]
[EventDate "2014.06.28"]
[EventType "swiss"]
[EventRounds "9"]
[EventCountry "POR"]
[SourceTitle "CBM 161 Extra"]
[Source "ChessBase"]
[SourceDate "2014.08.29"]
[SourceVersion "1"]
[SourceVersionDate "2014.08.29"]
[SourceQuality "1"]

1. e4 d5 2. exd5 Qxd5 3. Nc3 Qa5 4. Bc4 Nf6 5. d3 Bg4 6. Nge2 c6 7. 0-0 e6 8. Bf4 Nbd7 9. f3 Bh5 10. Bb3 g5 11. Be3 Bg6 12. Ng3 Be7 13. Nce4 Nxe4 14. Nxe4 Bh5 15. Qd2 Qxd2 16. Bxd2 h6 17. Rae1 0-0-0 18. d4 Nf6 19. c3 Bg6 20. Bc1 Rhg8 21. Nf2 Kb8 22. Ng4 Nxg4 23. fxg4 h5 24. Bd1 hxg4 25. Bxg4 Rde8 26. Rf2 Kc7 27. Bd1 Kd7 28. Bc2 Bxc2 29. Rxc2 Bd6 30. Rf2 f5 31. g3 Ref8 32. Kf1 Rg6 33. Ke2 f4 34. gxf4 gxf4 1/2-1/2

[Event "Gaia Profigaia op 7th"]
[Site "Vila Nova de Gaia"]
[Date "2014.06.29"]
[Round "3"]
[White "Oliveira, Maria Alice Ramos"]
[Black "Nora, Fernando Manuel Lob"]
[Result "0-1"]
[WhiteElo "1522"]
[BlackElo "1906"]
[PlyCount "96"]
[EventDate "2014.06.28"]
[EventType "swiss"]
[EventRounds "9"]
[EventCountry "POR"]
[SourceTitle "CBM 161 Extra"]
[Source "ChessBase"]
[SourceDate "2014.08.29"]
[SourceVersion "1"]
[SourceVersionDate "2014.08.29"]
[SourceQuality "1"]

1. e4 d6 2. d4 Nf6 3. Nc3 c6 4. f3 Nbd7 5. Be3 e5 6. Qd2 a5 7. a4 Be7 8. 0-0-0 Qc7 9. Kb1 Qb8 10. g4 Nf8 11. dxe5 dxe5 12. Bc5 Be6 13. Bxe7 Kxe7 14. Nge2 N8d7 15. Ng3 g6 16. g5 Ne8 17. h4 Qd6 18. Qe3 Qb4 19. b3 Nc5 20. Na2 Qa3 21. Qc3 Nxa4 22. Qxe5 Rf8 23. Bc4 Qc5 24. Qxc5+ Nxc5 25. Bxe6 fxe6 26. Rhf1 e5 27. Nc3 Ne6 28. Nce2 a4 29. bxa4 Rxa4 30. Rd3 Nd6 31. Rfd1 Rd8 32. Kc1 Nc5 33. R3d2 Nc4 34. Nc3 Rxd2 35. Nxa4 Rxd1+ 36. Kxd1 Nxa4 37. h5 Ke6 38. Nf5 gxf5 39. exf5+ Kf7 40. g6+ hxg6 41. fxg6+ Kg7 42. Ke2 Nc5 43. Kf2 Kh6 44. Kg3 Ne6 45. Kg4 Ne3+ 46. Kh4 Nxc2 47. Kg4 Ne3+ 48. Kh4 b5 0-1

[Event "POR-chT 52nd"]
[Site "Vila Nova de Gaia"]
[Date "2010.07.31"]
[Round "8.1"]
[White "Nora, Fernando Manuel Lob"]
[Black "Hoffman, Alejandro"]
[Result "0-1"]
[WhiteElo "1891"]
[BlackElo "2445"]
[PlyCount "44"]
[EventDate "2010.07.24"]
[EventType "team-tourn"]
[EventRounds "9"]
[EventCountry "POR"]
[SourceTitle "EXT 2011"]
[Source "ChessBase"]
[SourceDate "2010.11.26"]
[SourceVersion "1"]
[SourceVersionDate "2010.11.26"]
[SourceQuality "1"]
[WhiteTeam "Dias Ferreira"]
[BlackTeam "Gaia"]
[WhiteTeamCountry "POR"]
[BlackTeamCountry "POR"]

1. e4 c5 2. c3 g6 3. d4 cxd4 4. cxd4 d5 5. e5 Nc6 6. Nf3 Bg4 7. Qb3 Bxf3 8. Qxf3 Nxd4 9. Qc3 Nc6 10. Bb5 Rc8 11. Be3 Bg7 12. Bd4 a6 13. Bxc6+ Rxc6 14. Qd2 Nh6 15. Nc3 Nf5 16. f4 Nxd4 17. Qxd4 e6 18. 0-0-0 0-0 19. Kb1 f6 20. Ne4 fxe5 21. fxe5 Qh4 22. Nf6+ Bxf6 0-1

[Event "POR-chT 52nd"]
[Site "Vila Nova de Gaia"]
[Date "2010.07.25"]
[Round "2.1"]
[White "Nora, Fernando Manuel Lob"]
[Black "Ferreira, Carlos Andre Santos"]
[Result "1-0"]
[WhiteElo "1891"]
[BlackElo "1953"]
[PlyCount "105"]
[EventDate "2010.07.24"]
[EventType "team-tourn"]
[EventRounds "9"]
[EventCountry "POR"]
[SourceTitle "EXT 2011"]
[Source "ChessBase"]
[SourceDate "2010.11.26"]
[SourceVersion "1"]
[SourceVersionDate "2010.11.26"]
[SourceQuality "1"]
[WhiteTeam "Dias Ferreira"]
[BlackTeam "Alekhine"]
[WhiteTeamCountry "POR"]
[BlackTeamCountry "POR"]

1. e4 c5 2. c3 d6 3. d4 Nf6 4. f3 cxd4 5. cxd4 g6 6. Be3 Bg7 7. Ne2 0-0 8. Ng3 Nc6 9. Nc3 e5 10. d5 Nd4 11. Nge2 Nxe2 12. Bxe2 Nh5 13. Qd2 f5 14. 0-0-0 f4 15. Bf2 Bd7 16. Kb1 a6 17. Rc1 Qa5 18. Rhd1 b5 19. Bd3 Rfc8 20. Ne2 Rxc1+ 21. Nxc1 Qd8 22. Ne2 Bf6 23. Rc1 Bh4 24. Bg1 Rc8 25. Qb4 Rxc1+ 26. Nxc1 Qc7 27. Nb3 Bd8 28. Qc3 Qb8 29. Na5 Bb6 30. Bxb6 Qxb6 31. Nb3 Kf7 32. Qa5 Qg1+ 33. Nc1 Qxg2 34. Qxa6 Ke7 35. Qa8 Nf6 36. Qh8 Be8 37. Bxb5 Bxb5 38. Qg7+ Kd8 39. Qxf6+ Kc7 40. Qg7+ Kb6 41. Qe7 Qf1 42. Qxd6+ Kb7 43. Qb4 Ka6 44. Qc3 g5 45. d6 Kb7 46. Qc7+ Ka6 47. d7 Bxd7 48. Qxd7 Qxf3 49. Qd3+ Qxd3+ 50. Nxd3 f3 51. Kc1 h5 52. Kd2 g4 53. Ke3 1-0

[Event "Burgas op 18th"]
[Site "Ourense"]
[Date "2009.07.11"]
[Round "5"]
[White "De Sousa da Silva, Armando"]
[Black "Nora, Fernando Manuel Lob"]
[Result "1-0"]
[WhiteElo "2071"]
[BlackElo "1880"]
[PlyCount "51"]
[EventDate "2009.07.07"]
[EventType "swiss"]
[EventRounds "9"]
[EventCountry "ESP"]
[SourceTitle "CBM 131 Extra"]
[Source "ChessBase"]
[SourceDate "2009.09.03"]
[SourceVersion "2"]
[SourceVersionDate "2009.09.16"]
[SourceQuality "1"]

1. e4 d6 2. d4 Nf6 3. Nc3 c6 4. Nf3 g6 5. Bg5 Bg7 6. Qd2 Qc7 7. 0-0-0 b5 8. e5 dxe5 9. dxe5 Nfd7 10. e6 fxe6 11. Bh6 0-0 12. Bxg7 Kxg7 13. Kb1 Qf4 14. Qe1 e5 15. Bd3 a5 16. h4 Nc5 17. h5 g5 18. h6+ Kh8 19. Nxe5 b4 20. g3 Qf6 21. Bc4 e6 22. Qe3 bxc3 23. Qxc5 cxb2 24. f4 gxf4 25. gxf4 Ba6 26. Bxe6 1-0

[Event "Burgas op 18th"]
[Site "Ourense"]
[Date "2009.07.10"]
[Round "4"]
[White "Nora, Fernando Manuel Lob"]
[Black "Fernandez de Pablo, Miguel Angel"]
[Result "1/2-1/2"]
[WhiteElo "1880"]
[BlackElo "2195"]
[PlyCount "79"]
[EventDate "2009.07.07"]
[EventType "swiss"]
[EventRounds "9"]
[EventCountry "ESP"]
[SourceTitle "CBM 131 Extra"]
[Source "ChessBase"]
[SourceDate "2009.09.03"]
[SourceVersion "2"]
[SourceVersionDate "2009.09.16"]
[SourceQuality "1"]

1. e4 c5 2. c3 d5 3. exd5 Qxd5 4. d4 e6 5. Nf3 Nc6 6. Na3 a6 7. Nc4 Qd8 8. Be3 b5 9. Nce5 Nxe5 10. Nxe5 Bd6 11. Nxf7 Kxf7 12. Qf3+ Nf6 13. Qxa8 cxd4 14. Bxd4 e5 15. Qa7+ Nd7 16. Be3 Re8 17. 0-0-0 Bb8 18. Qa8 Qc7 19. Qd5+ Re6 20. Be2 Nf6 21. Qd8 Qb7 22. Bc5 Bc7 23. Qd3 Qxg2 24. Bf3 e4 25. Bxg2 exd3 26. Rxd3 Re2 27. Be3 Ng4 28. Bf3 Rxe3 29. fxe3 Nf2 30. Bd5+ Ke7 31. Rd2 Nxh1 32. Bxh1 g5 33. Rf2 Be6 34. b3 h5 35. Be4 g4 36. Bf5 Bf7 37. Kd2 a5 38. Kd3 Be8 39. c4 Kd6 40. Bc8 1/2-1/2

[Event "Burgas op 17th"]
[Site "Ourense"]
[Date "2008.07.10"]
[Round "8"]
[White "Ferreiro Mera, Aaron"]
[Black "Nora, Fernando Manuel Lob"]
[Result "1-0"]
[WhiteElo "1723"]
[BlackElo "1941"]
[PlyCount "53"]
[EventDate "2008.07.03"]
[EventType "swiss"]
[EventRounds "9"]
[EventCountry "ESP"]
[SourceTitle "CBM 125 Extra"]
[Source "ChessBase"]
[SourceDate "2008.09.01"]
[SourceVersion "1"]
[SourceVersionDate "2008.09.01"]
[SourceQuality "1"]

1. e4 d6 2. d4 Nf6 3. Nc3 c6 4. Nf3 g6 5. Bf4 Bg7 6. Qd2 b5 7. Bd3 a6 8. Bh6 0-0 9. e5 Nd5 10. Nxd5 cxd5 11. h4 Re8 12. Bxg7 Kxg7 13. h5 Rh8 14. 0-0-0 dxe5 15. dxe5 Nc6 16. Rh2 Qa5 17. c3 Qxa2 18. hxg6 Qa1+ 19. Bb1 h5 20. Qg5 f6 21. exf6+ exf6 22. Qxd5 Ra7 23. Rxh5 Rxh5 24. Qxh5 f5 25. Qh7+ Kf6 26. Rd6+ Be6 27. Qh8+ 1-0

[Event "Burgas op 17th"]
[Site "Ourense"]
[Date "2008.07.09"]
[Round "7"]
[White "Nora, Fernando Manuel Lob"]
[Black "Mateus, Andre"]
[Result "1/2-1/2"]
[WhiteElo "1941"]
[BlackElo "1445"]
[PlyCount "110"]
[EventDate "2008.07.03"]
[EventType "swiss"]
[EventRounds "9"]
[EventCountry "ESP"]
[SourceTitle "CBM 125 Extra"]
[Source "ChessBase"]
[SourceDate "2008.09.01"]
[SourceVersion "1"]
[SourceVersionDate "2008.09.01"]
[SourceQuality "1"]

1. d4 d5 2. c4 e6 3. Nf3 Nf6 4. Qc2 c5 5. dxc5 Bxc5 6. e3 0-0 7. cxd5 Bb4+ 8. Bd2 Bxd2+ 9. Nbxd2 Nxd5 10. Be2 Nc6 11. a3 Bd7 12. 0-0 Rc8 13. Qd3 Nce7 14. Rfd1 Bc6 15. Nd4 Nb6 16. N2f3 Rc7 17. Qb1 Rd7 18. Ne5 Rd6 19. Nexc6 Nxc6 20. Nxc6 Rxd1+ 21. Qxd1 bxc6 22. Qc2 h6 23. b4 Qc7 24. Rc1 Rc8 25. Ba6 Rd8 26. g3 Qd6 27. Qxc6 Qxc6 28. Rxc6 Rd1+ 29. Kg2 Ra1 30. Rc3 Nd5 31. Rb3 Kf8 32. e4 Nf6 33. Kf3 Re1 34. Re3 Rxe3+ 35. Kxe3 Ng4+ 36. Ke2 Nxh2 37. f3 g5 38. g4 h5 39. gxh5 Kg7 40. a4 g4 41. fxg4 Nxg4 42. Kd3 Nf6 43. Bb5 Nxh5 44. Bc6 f5 45. exf5 exf5 46. Kc4 Kf6 47. Kb5 Ke6 48. Ka6 Kd6 49. Bf3 Nf6 50. Kxa7 Ne4 51. b5 Kc5 52. b6 Nd6 53. b7 Nxb7 54. Kxb7 Kb4 55. Bc6 Ka5 1/2-1/2

[Event "Burgas op 17th"]
[Site "Ourense"]
[Date "2008.07.06"]
[Round "4"]
[White "Losada Gallego, Joaquin M"]
[Black "Nora, Fernando Manuel Lob"]
[Result "0-1"]
[WhiteElo "1716"]
[BlackElo "1941"]
[PlyCount "148"]
[EventDate "2008.07.03"]
[EventType "swiss"]
[EventRounds "9"]
[EventCountry "ESP"]
[SourceTitle "CBM 125 Extra"]
[Source "ChessBase"]
[SourceDate "2008.09.01"]
[SourceVersion "1"]
[SourceVersionDate "2008.09.01"]
[SourceQuality "1"]

1. e4 d6 2. d4 Nf6 3. Nc3 c6 4. Nf3 g6 5. h3 Bg7 6. Be3 b5 7. Bd3 a6 8. Qd2 Qc7 9. Bh6 0-0 10. Bxg7 Kxg7 11. Ne2 e5 12. c3 Re8 13. dxe5 dxe5 14. Ng3 c5 15. Bc2 Nc6 16. Qe3 Na5 17. b3 c4 18. b4 Nb7 19. Nf5+ Bxf5 20. exf5 Nd5 21. Qg5 e4 22. Nd4 Re5 23. 0-0 h6 24. Qh4 g5 25. Qg3 Nf4 26. Rae1 Rae8 27. Qg4 Nd6 28. h4 Kf6 29. g3 Nd3 30. hxg5+ hxg5 31. Re3 Rh8 32. f3 Rg8 33. fxe4 Qb7 34. Qh5 Rxe4 35. Qh6+ Ke7 36. Ref3 Re5 37. g4 Qe4 38. f6+ Kd7 39. Qh3 Rge8 40. Qg3 Rh8 41. Nf5 Re6 42. Ng7 Rxf6 43. Nh5 Rxf3 44. Rxf3 Qe1+ 45. Qxe1 Nxe1 46. Bf5+ Nxf5 47. Rxf5 Rf8 48. Rf6 Ra8 49. Rxf7+ Ke6 50. Rf6+ Ke5 51. Kf2 Nd3+ 52. Ke3 Nc1 53. a3 Rd8 54. Rf5+ Ke6 55. Ng7+ Ke7 56. Ke4 Ne2 57. Re5+ Kf7 58. Ne6 Nxc3+ 59. Kf5 Rd1 60. Nxg5+ Kf8 61. Ne6+ Kf7 62. g5 Rf1+ 63. Nf4 Nd1 64. g6+ Kf8 65. Kg5 Rg1+ 66. Kf6 Nf2 67. Rd5 Ng4+ 68. Ke6 Re1+ 69. Kd6 Nf6 70. Rf5 Kg7 71. Kc6 Re4 72. Kb6 Rxf4 73. Rc5 Nd7+ 74. Kxa6 Nxc5+ 0-1

[Event "Burgas op 17th"]
[Site "Ourense"]
[Date "2008.07.04"]
[Round "2"]
[White "Baltar Iglesias, David"]
[Black "Nora, Fernando Manuel Lob"]
[Result "1-0"]
[WhiteElo "2281"]
[BlackElo "1941"]
[PlyCount "39"]
[EventDate "2008.07.03"]
[EventType "swiss"]
[EventRounds "9"]
[EventCountry "ESP"]
[SourceTitle "CBM 125 Extra"]
[Source "ChessBase"]
[SourceDate "2008.09.01"]
[SourceVersion "1"]
[SourceVersionDate "2008.09.01"]
[SourceQuality "1"]

1. e4 g6 2. d4 Bg7 3. Nc3 d6 4. Nf3 Nf6 5. Be3 c6 6. Qd2 b5 7. a3 a6 8. h3 Nbd7 9. e5 Nd5 10. Nxd5 cxd5 11. Bh6 0-0 12. h4 Re8 13. Bxg7 Kxg7 14. h5 Rh8 15. 0-0-0 Nb6 16. Qf4 dxe5 17. dxe5 Ra7 18. Bd3 Rc7 19. hxg6 hxg6 20. e6 1-0

[Event "Porto district-ch"]
[Site "Porto"]
[Date "2006.06.16"]
[Round "2"]
[White "Figueiredo, Pedro Jose"]
[Black "Nora, Fernando Manuel Lob"]
[Result "0-1"]
[WhiteElo "1974"]
[BlackElo "1879"]
[PlyCount "72"]
[EventDate "2006.06.14"]
[EventType "swiss"]
[EventRounds "7"]
[EventCountry "POR"]
[SourceTitle "EXT 2008"]
[Source "ChessBase"]
[SourceDate "2007.11.25"]
[SourceVersion "1"]
[SourceVersionDate "2007.11.25"]
[SourceQuality "1"]

1. e4 d6 2. d4 Nf6 3. Nc3 c6 4. f4 b5 5. e5 b4 6. exf6 bxc3 7. fxg7 Bxg7 8. bxc3 Qa5 9. Bd2 Be6 10. Nf3 Qa4 11. Bd3 h6 12. Qe2 d5 13. 0-0 Bg4 14. h3 Bxf3 15. Rxf3 Bxd4+ 16. Kh1 Bf6 17. g4 Nd7 18. g5 hxg5 19. fxg5 Be5 20. g6 Qg4 21. gxf7+ Kf8 22. Qg2 Qxg2+ 23. Kxg2 Bf6 24. Rb1 Kxf7 25. c4 Rag8+ 26. Rg3 Rxg3+ 27. Kxg3 Rg8+ 28. Kf2 Bd4+ 29. Be3 Bxe3+ 30. Kxe3 Rg3+ 31. Kd4 e5+ 32. Kc3 e4 33. cxd5 cxd5 34. Rb7 Ke6 35. Kd4 exd3 36. cxd3 Rxd3+ 0-1

[Event "Porto district-ch qual"]
[Site "Matosinhos"]
[Date "2006.05.13"]
[Round "1"]
[White "Nora, Fernando Manuel Lob"]
[Black "Maio, Nuno Miguel Oliveir"]
[Result "1-0"]
[WhiteElo "1879"]
[BlackElo "1389"]
[PlyCount "93"]
[EventDate "2006.05.13"]
[EventType "swiss"]
[EventRounds "6"]
[EventCountry "POR"]
[SourceTitle "EXT 2008"]
[Source "ChessBase"]
[SourceDate "2007.11.25"]
[SourceVersion "1"]
[SourceVersionDate "2007.11.25"]
[SourceQuality "1"]

1. e4 d5 2. exd5 Qxd5 3. Nc3 Qa5 4. d4 c6 5. Nf3 Nf6 6. Ne5 Be6 7. Bd2 Qc7 8. Bf4 Qc8 9. Bc4 Bxc4 10. Nxc4 Nbd7 11. Qe2 e6 12. Bd6 Be7 13. Bxe7 Kxe7 14. Ne3 Rd8 15. d5 cxd5 16. Ncxd5+ Nxd5 17. Nxd5+ Kf8 18. Ne3 Nf6 19. 0-0 Qc7 20. Rad1 Rxd1 21. Rxd1 Rd8 22. Rd3 Rxd3 23. Qxd3 Qd7 24. Qa3+ Kg8 25. Qxa7 g6 26. g3 Nd5 27. Qd4 Qc6 28. Nxd5 exd5 29. Qc3 Qxc3 30. bxc3 Kg7 31. Kf1 Kf6 32. Ke2 Ke6 33. Kd3 Kd6 34. Kd4 f5 35. h4 h6 36. f4 b6 37. c4 dxc4 38. Kxc4 Kc6 39. a4 h5 40. c3 Kc7 41. Kb5 Kb7 42. a5 bxa5 43. Kxa5 Kc6 44. Kb4 Kb6 45. Kc4 Kc6 46. Kd4 Kd6 47. c4 1-0

[Event "Porto-ch U20"]
[Site "Porto"]
[Date "2002.01.19"]
[Round "3.1"]
[White "Barbosa, Joao Vide"]
[Black "Nora, Fernando Manuel Lob"]
[Result "1/2-1/2"]
[WhiteElo "1779"]
[BlackElo "1751"]
[PlyCount "94"]
[EventDate "2002.02.??"]
[EventType "tourn"]
[EventRounds "7"]
[EventCountry "POR"]
[SourceTitle "EXT 2003"]
[Source "ChessBase"]
[SourceDate "2002.11.25"]
[SourceVersion "1"]
[SourceVersionDate "2002.11.25"]
[SourceQuality "1"]

1. e4 g6 2. d4 Bg7 3. Nc3 d6 4. Be3 Nf6 5. f3 c6 6. Qd2 a5 7. 0-0-0 b5 8. g4 Ba6 9. h4 b4 10. Nce2 Nbd7 11. h5 Nb6 12. Ng3 Nc4 13. Bxc4 Bxc4 14. Kb1 Qb8 15. Bh6 Kf8 16. Bxg7+ Kxg7 17. Qg5 Be6 18. Nf5+ Bxf5 19. gxf5 Qb5 20. h6+ Kf8 21. Qg2 Rg8 22. fxg6 Rxg6 23. Qe2 Qxe2 24. Nxe2 e6 25. Rdg1 Ke7 26. Rxg6 fxg6 27. c3 bxc3 28. Nxc3 Rf8 29. Kc2 Nh5 30. Rf1 Rf6 31. Kd2 Rf7 32. Ke3 Rf4 33. Rg1 Rh4 34. Rg5 d5 35. exd5 cxd5 36. Re5 Nf6 37. Na4 Rh3 38. Kf2 Nd7 39. Re1 Rxh6 40. Nc3 Nb6 41. Kg3 Rh5 42. Nb5 Kd7 43. Rc1 Nc4 44. b3 Ne3 45. Rc7+ Kd8 46. Ra7 Nf5+ 47. Kg2 Rh4 1/2-1/2